| 000 | 00548cam a22002291 4500 | ||
|---|---|---|---|
| 001 | sa 68003279 | ||
| 003 | DLC | ||
| 005 | 20260227112451.0 | ||
| 008 | 940728s1967 ii 000 0 urdo | ||
| 010 | _asa 68003279 | ||
| 025 | _aPL480:I-U-1993 | ||
| 035 | _a(OCoLC)30844762 | ||
| 040 |
_aDLC _cCU _dCU _dDLC |
||
| 042 | _apremarc | ||
| 050 | 0 | 0 |
_aPK2156 _b.H884 |
| 100 | 1 |
_aHussain, Anwar, _d1924- |
|
| 245 | 1 | 0 | _aTanqīdī mut̤āliʻe. |
| 260 | _c[1967] | ||
| 300 |
_a126 p. _c19 cm. |
||
| 500 | _aIn Urdu. | ||
| 650 | 0 | _aUrdu literature. | |
| 999 |
_c79361 _d79361 |
||